| 000 | 00524nam a22001937a 4500 | ||
|---|---|---|---|
| 005 | 20251108172951.0 | ||
| 008 | 250721s2005 xx 000 0 ara d | ||
| 082 | 1 | 4 | _a330.9565/علي |
| 100 | 1 | _aالعليوي، بسام | |
| 245 | 1 | 0 | _aنهضة الإقتصاد في الأردن / |
| 246 | 1 | 1 | _aPROGRESS ECONOMY IN JORDAN |
| 264 | _c2005. | ||
| 300 | _a460 ص. | ||
| 650 | 1 | 7 | _aالإقتصاد |
| 650 | 1 | 7 | _aالتنمية الإقتصادية |
| 650 | 1 | 7 | _aالأردن |
| 942 |
_2ddc _cBK |
||
| 999 |
_c92964 _d92964 |
||